000 00868nam a2200265Ia 4500
003 OSt
005 20220918171346.0
006 a|||||r|||| 00| 0
007 ta
008 220917b |||||||| |||| 00| 0 eng d
020 _a9781526464354 (hbk)
_cUKP 45.00
024 _a352,844
037 _b8806, 06/03/2020, Efficient Book Distributors
_cTextual
040 _aARTS
_cARTS
_beng
041 _2eng
_aeng
082 _aW6, Q9
100 _aBloom Peter Au.
_936042
245 0 _aDisruptive democracy
_b clash between techno - populism and techno - democracy
260 _aLondon
_bSage UK
_c2019
300 _a86p.
_ccm.
650 _aDEMOCRACY
_920451
700 _a Sancino Alessandro Au.
_936043
942 _hW6, Q9
_cTEXL
_2CC
999 _c139184
_d139184